Culture Générale - Série 265 - Statistiques

Statistiques générales
  • Ce quiz a été pris 574 fois
  • Le résultat moyen est 6 sur 10
Statistiques - réponses
Question Réponse % Correct
Dans quel océan est situé Saint-Pierre-et-Miquelon ? L'océan Atlantique
97%
Dans quel pays peut-on visiter la ville de Sienne ? L'Italie
88%
Quel nom romantique porte le fleuve qui sépare la Russie du nord-est de la Chine ? Amour
83%
Avec l'Irak, quel est l'autre pays frontalier du Koweït ? L'Arabie saoudite
65%
Sous quel nom le comédien Fernand Contandin est-il passé à la postérité ? Fernandel
64%
Dans quel département est situé le fort de Brégançon ? Le Var
55%
Dans l'alphabet international, quelle ville est associée à la lettre Q ? Québec
54%
Dans quelle ville d'Ile-de-France est situé le pavillon de chasse la Lanterne ? Versailles
48%
Quel est le prénom de la maman de Charlotte Casiraghi ? Caroline
44%
Dans quelle fable de La Fontaine lit-on "Qui te rend si hardi de troubler mon breuvage" ? Le Loup et l'Agneau
43%
Aucun quiz correspondant
Distribution des résultats
% des personnes avec chaque résultat
Percentile par nombre de réponses
Votre historique - résultats
Vous n’avez pas pris ce quiz